| 000 | 01548nam0a2200349 4500 | ||
|---|---|---|---|
| 001 | RU\NLR\bibl\952821 | ||
| 005 | 20260405183129.0 | ||
| 010 |
_a5-98368-019-6 _94000 |
||
| 021 |
_aRU _b2006-25347 _91265 |
||
| 035 | _a(NLR Aleph) 000940911 | ||
| 090 |
_a219235 _c219235 |
||
| 100 | _a20060523d2006 |||y0rusy50 ca | ||
| 101 | 0 | _arus | |
| 102 | _aRU | ||
| 105 | _aa ||||||||| | ||
| 200 | 1 |
_aПервые успехи в рисовании. Башня, растущая в небо _fТатьяна Калинина |
|
| 210 |
_aСанкт-Петербург _cАгентство образовательного сотрудничества _d2006 |
||
| 215 |
_a62,[1] с. _cил. _d20 |
||
| 225 | 1 | _aБольшая энциклопедия маленького мира | |
| 300 | _aВ конце кн. авт.: Калинина Т.В., художник, архитектор, изобретатель | ||
| 517 | 0 | _aБашня, растущая в небо | |
| 606 | 1 |
_aДошкольники _xОбучение рисованию _9888265 _3RU\NLR\auth\66486 |
|
| 606 | 1 |
_aРисование _xПреподавание _xНачальная школа _92210630 _3RU\NLR\auth\661327964 |
|
| 686 | _aЧ411.355.82 | ||
| 686 | _aЧ491.7 | ||
| 686 | _aЧ426.64,01 | ||
| 700 | 1 |
_4070 _8rus _7ca _aКалинина _bТ. В. _cхудожник, педагог _gТатьяна Вениаминовна _3RU\NLR\auth\7779781 _962709 |
|
| 801 | 0 |
_aRU _bNLR _c20060523 _grcr |
|
| 801 | 1 |
_aRU _bNLR _c20060523 |
|
| 942 | _cBOOK | ||
| 980 | _aNB | ||